000 00711nam a2200229 a 4500
999 _c5748
_d5748
001 5748
003 BD-JhCC
005 20171220185501.0
008 171220s2008 bg a|||| ||a| 000 0 ben d
020 _a9848480277
035 _a(BD-JhCC) 5748
040 _aBD-JhCC
_dBD-JhCC
041 _aben
082 _a005
_bRAH 2008
100 _aরহমান, মাহবুবুর
245 _aউইন্ডোজ ৯৮/২০০০ এক্সপিসহ /
_cমাহবুবুর রহমান
260 _aঢাকা :
_bসিসটেক পাবলিকেশন্স ,
_c2008
300 _a528 p .:
_c21 cm .
650 _aComputer Programming
942 _2ddc
_cBK